Devinez la Capitale Mystère #107 - Statistiques

Statistiques générales
  • Ce quiz a été pris 112 fois
  • Le résultat moyen est 25 sur 34
Statistiques - réponses
Type de Réponse Réponse % Correct
Lettre Trouvée A
100%
Lettre Trouvée I
100%
Lettre Trouvée R
100%
Lettre de l'Alphabet S
100%
Lettre de l'Alphabet N
99%
Lettre de l'Alphabet E
98%
Lettre Bien Placée A
96%
Lettre Trouvée L
95%
Lettre de l'Alphabet O
95%
Lettre de l'Alphabet B
93%
Lettre Trouvée P
92%
Lettre de l'Alphabet D
90%
Lettre Bien Placée I
90%
Lettre de l'Alphabet M
90%
Lettre Bien Placée P
87%
Lettre de l'Alphabet T
84%
Lettre de l'Alphabet U
81%
Lettre de l'Alphabet H
80%
Lettre de l'Alphabet C
77%
Lettre de l'Alphabet G
76%
Lettre Trouvée K
75%
Lettre de l'Alphabet W
66%
Lettre de l'Alphabet V
57%
Lettre de l'Alphabet X
55%
Lettre Bien Placée L
54%
Lettre de l'Alphabet J
52%
Lettre de l'Alphabet Y
51%
Lettre de l'Alphabet F
46%
Lettre de l'Alphabet Z
46%
Lettre Bien Placée R
45%
Lettre de l'Alphabet Q
42%
Lettre Bien Placée K
40%
Lettre Bien Placée I
39%
Capitale Mystère Palikir
34%
Aucun quiz correspondant
Distribution des résultats
% des personnes avec chaque résultat
Percentile par nombre de réponses
Votre historique - résultats
Vous n’avez pas pris ce quiz